Riconosci il Pokémon - Quiz n°12 - Statistics

Statistiche generali
  • Questo quiz è stato fatto 13 volte
  • Il punteggio medio è 6 su 10
Statistiche sulle risposte
Indizio Risposta % Corretto
Generazione Nona
100%
Tipo Normale / Volante
85%
Stadio evoluzione Non si evolve
62%
Abilità Prepotenza; Tuttafretta; Dentistretti; Forzabruta
62%
Altezza 0,6 m
54%
Tasso di cattura 190 (35.2%)
54%
Peso 2,4 kg
54%
Sesso 50% ♂, 50% ♀
54%
Tasso di allevamento Irregolare
54%
Pokémon Squawkabilly
54%
Nessun quiz corrispondente trovato
Distribuzione punteggi
Percentuale di utenti per punteggio
Percentile per numero di risposta
I tuoi punteggi nel tempo
Non hai fatto questo quiz